Online
Catalog

La vida atlántica de Victorián de Villava / (Record no. 33337)

MARC details
000 -CABECERA
campo de control de longitud fija 00784nam a2200205 a 4500
001 - NÚMERO DE CONTROL
campo de control 000033846
005 - FECHA Y HORA DE LA ÚLTIMA TRANSACCIÓN
campo de control 20200930070551.0
008 - DATOS DE LONGITUD FIJA--INFORMACIÓN GENERAL
campo de control de longitud fija 110913s2009 es 000 0 spa d
020 ## - NÚMERO INTERNACIONAL ESTÁNDAR DEL LIBRO
Número Internacional Estándar del Libro 9788498442021
040 ## - FUENTE DE LA CATALOGACIÓN
Centro catalogador/agencia de origen DO-SdBNP
Lengua de catalogación spa
Centro/agencia transcriptor BNPHU
049 ## - FONDOS LOCALES (OCLC)
Fondos de biblioteca BNPD
100 1# - ENTRADA PRINCIPAL--NOMBRE DE PERSONA
Nombre de persona Portillo Valdés, José María
9 (RLIN) 59262
245 13 - MENCIÓN DE TÍTULO
Título La vida atlántica de Victorián de Villava /
Mención de responsabilidad, etc. Introducción y selección documental de José M. Portillo Valdés.
260 ## - PUBLICACIÓN, DISTRIBUCIÓN, ETC.
Lugar de publicación, distribución, etc. Madrid :
Nombre del editor, distribuidor, etc. Ediciones Doce Calle
-- Fundación Mapfre,
Fecha de publicación, distribución, etc. 2009.
300 ## - DESCRIPCIÓN FÍSICA
Extensión 169 p. ;
Dimensiones 22 cm.
490 1# - MENCIÓN DE SERIE
Designación de volumen o secuencia 24
500 ## - NOTA GENERAL
Nota general Publicaciones del programa Iberoamérica : 200 años de convivencias independiente
700 1# - PUNTO DE ACCESO ADICIONAL--NOMBRE DE PERSONA
Nombre de persona Portillo Valdéz, José M.
9 (RLIN) 59263
830 #0 - PUNTO DE ACCESO ADICIONAL DE SERIE-TÍTULO UNIFORME
Título uniforme Prisma histórico, Viejos documentos, Nuevas lecturas
9 (RLIN) 59264
Holdings
Estado de retiro Estado de pérdida Restricciones de uso No para préstamo Código de colección Localización permanente Ubicación/localización actual Ubicación en estantería Fecha de adquisición Número de inventario Total de préstamos Signatura topográfica completa Código de barras Fecha visto por última vez Precio válido a partir de Tipo de ítem Koha
      Excluido de préstamo Monografías: Libros y Folletos General General En catalogación 13.09.2011 LF1   33846-10 25.06.2020 25.06.2020 No se presta

Powered by Koha